| 000 | 00757nam a2200181 i 4500 | ||
|---|---|---|---|
| 001 | 153703 | ||
| 003 | ES-MaACL | ||
| 005 | 20230906205341.0 | ||
| 008 | 050726s1880 sp | |||||||| ||spa d | ||
| 040 |
_aCAM _bspa _cCAM |
||
| 110 | 2 |
_aEscuela Mercantil de Mallorca. _9134358 |
|
| 245 | 1 | 0 | _aSesion inaugural de la Escuela Mercantil de Mallorca celebrada en el salon de sesiones de la Exma. Diputacion Provincial de las Baleares el dia 29 de noviembre de 1880 ... |
| 260 |
_aPalma : _b[s.n.], _c1880 ( _fImprenta de Miguel Roca) |
||
| 300 |
_a21 p. ; _c26 cm. |
||
| 505 | 8 | _aDiscurso pronuniciado por Alejandro Rosselló (pp. 9-21) | |
| 700 | 1 |
_aRosselló, Alejandro. _9132073 |
|
| 852 |
_aES-MaACL _jT-390-F-14 _z-- Enc. hol. _z-- Enc. en un vol. facticio |
||
| 999 |
_c153703 _d153703 |
||